[Event "DVM U14 2020"]
[Site "Willingen GER"]
[Date "2021.06.26"]
[Round "5"]
[White "Eilenberg, Jonas"]
[Black "Ermitsch, Magnus"]
[Result "1-0"]
[Termination "normal"]
[Board "1.1"]
[WhiteElo "2126"]
[BlackElo "2115"]
[WhiteClock "00:07:15"]
[BlackClock "00:15:37"]
[WhiteTeam "SV Königsjäger Süd-West e.V."]
[BlackTeam "SC Borussia Lichtenberg"]
[PlyCount "57"]
[WhiteFideId "16204271"]
[BlackFideId "16234464"]
[EventCountry "GER"]
[EventRounds "7"]
[EventType "team-swiss"]
[EventDate "2021.06.23"]

1. d4 {[%clk 1:30:57]} 1... Nf6 {[%clk 1:30:20]} 2. Nf3 {[%clk 1:31:21]} 2...
e6 {[%clk 1:29:56]} 3. e3 {[%clk 1:31:42]} 3... c5 {[%clk 1:29:39]} 4. Bd3 {
[%clk 1:32:05]} 4... Nc6 {[%clk 1:29:11]} 5. O-O {[%clk 1:32:19]} 5... b6 {
[%clk 1:29:00]} 6. c4 {[%clk 1:31:37]} 6... Bb7 {[%clk 1:28:08]} 7. Nc3 { [%clk
1:31:55]} 7... d6 {[%clk 1:24:50]} 8. Re1 {[%clk 1:15:59]} 8... Nb4 { [%clk
1:22:23]} 9. Bb1 {[%clk 1:15:10]} 9... g6 {[%clk 1:19:58]} 10. a3 { [%clk
1:09:28]} 10... Na6 {[%clk 1:18:18]} 11. Bc2 {[%clk 1:02:44]} 11... Bc8 { [%clk
0:55:02]} 12. Ng5 {[%clk 0:31:07]} 12... Be7 {[%clk 0:35:38]} 13. Ba4+ { [%clk
0:26:49]} 13... Bd7 {[%clk 0:34:01]} 14. b4 {[%clk 0:22:56]} 14... O-O { [%clk
0:31:17]} 15. b5 {[%clk 0:17:26]} 15... Nc7 {[%clk 0:30:56]} 16. dxc5 { [%clk
0:17:07]} 16... bxc5 {[%clk 0:24:16]} 17. Bb2 {[%clk 0:16:03]} 17... Rb8 {[%clk
0:22:15]} 18. Bc2 {[%clk 0:14:25]} 18... d5 {[%clk 0:20:28]} 19. Qe2 { [%clk
0:09:58]} 19... dxc4 {[%clk 0:18:30]} 20. Rad1 {[%clk 0:09:54]} 20... Qe8
{[%clk 0:17:19]} 21. Qf3 {[%clk 0:09:11]} 21... Nh5 {[%clk 0:15:51]} 22. Nxh7 {
[%clk 0:08:08]} 22... e5 {[%clk 0:14:21]} 23. Nxf8 {[%clk 0:08:01]} 23... Bxf8
{[%clk 0:14:40]} 24. g4 {[%clk 0:07:15]} 24... Nxb5 {[%clk 0:14:05]} 25. gxh5 {
[%clk 0:07:28]} 25... Nd4 {[%clk 0:14:34]} 26. exd4 {[%clk 0:07:25]} 26... Rxb2
{[%clk 0:15:02]} 27. Rxe5 {[%clk 0:06:38]} 27... Qc8 {[%clk 0:15:24]} 28. hxg6
{[%clk 0:06:54]} 28... fxg6 {[%clk 0:15:37]} 29. Bxg6 {[%clk 0:07:15]} 1-0

[Event "DVM U14 2020"]
[Site "Willingen GER"]
[Date "2021.06.26"]
[Round "5"]
[White "Klühs, Gustaf"]
[Black "Rose, Daniel"]
[Result "1/2-1/2"]
[Termination "normal"]
[Board "1.2"]
[WhiteElo "1823"]
[BlackElo "1816"]
[WhiteClock "00:36:10"]
[BlackClock "00:04:27"]
[WhiteTeam "SC Borussia Lichtenberg"]
[BlackTeam "SV Königsjäger Süd-West e.V."]
[PlyCount "77"]
[WhiteFideId "16228936"]
[BlackFideId "16242963"]
[EventCountry "GER"]
[EventRounds "7"]
[EventType "team-swiss"]
[EventDate "2021.06.23"]

1. Nf3 {[%clk 1:30:57]} 1... Nf6 {[%clk 1:30:51]} 2. g3 {[%clk 1:31:16]} 2...
d6 {[%clk 1:30:54]} 3. Bg2 {[%clk 1:31:36]} 3... e5 {[%clk 1:30:16]} 4. d3 {
[%clk 1:32:00]} 4... c6 {[%clk 1:29:46]} 5. O-O {[%clk 1:32:24]} 5... g6 {
[%clk 1:28:42]} 6. c4 {[%clk 1:32:38]} 6... Bg7 {[%clk 1:29:08]} 7. Nc3 { [%clk
1:32:46]} 7... Qc7 {[%clk 1:29:26]} 8. Bd2 {[%clk 1:33:01]} 8... O-O { [%clk
1:29:26]} 9. b4 {[%clk 1:31:43]} 9... Re8 {[%clk 1:15:32]} 10. Rc1 { [%clk
1:23:30]} 10... Na6 {[%clk 1:07:28]} 11. Qb3 {[%clk 1:18:01]} 11... h6 { [%clk
0:35:44]} 12. Ne1 {[%clk 1:12:55]} 12... Be6 {[%clk 0:35:50]} 13. Nc2 { [%clk
1:09:46]} 13... Qd7 {[%clk 0:30:57]} 14. Qb2 {[%clk 1:03:18]} 14... d5 { [%clk
0:30:19]} 15. cxd5 {[%clk 1:02:18]} 15... Nxd5 {[%clk 0:22:52]} 16. Nxd5 {[%clk
1:02:22]} 16... Bxd5 {[%clk 0:22:50]} 17. Bxd5 {[%clk 1:02:30]} 17... Qxd5
{[%clk 0:23:05]} 18. Bc3 {[%clk 1:02:17]} 18... Bf8 {[%clk 0:21:43]} 19. Ne3
{[%clk 1:01:22]} 19... Qe6 {[%clk 0:21:27]} 20. a3 {[%clk 0:59:50]} 20... Nc7
{[%clk 0:19:53]} 21. a4 {[%clk 0:54:57]} 21... Nd5 {[%clk 0:16:50]} 22. Bd2
{[%clk 0:47:40]} 22... f5 {[%clk 0:14:09]} 23. b5 {[%clk 0:43:38]} 23... c5 {
[%clk 0:11:16]} 24. Qb3 {[%clk 0:41:24]} 24... Nxe3 {[%clk 0:11:04]} 25. Qxe6+
{[%clk 0:41:50]} 25... Rxe6 {[%clk 0:11:30]} 26. Bxe3 {[%clk 0:42:16]} 26... b6
{[%clk 0:11:56]} 27. Rc4 {[%clk 0:39:22]} 27... Kf7 {[%clk 0:11:45]} 28. Ra1 {
[%clk 0:39:23]} 28... a6 {[%clk 0:10:12]} 29. Rb1 {[%clk 0:39:14]} 29... a5 {
[%clk 0:10:14]} 30. Kg2 {[%clk 0:38:25]} 30... g5 {[%clk 0:09:32]} 31. h3 {
[%clk 0:36:42]} 31... Kf6 {[%clk 0:08:25]} 32. g4 {[%clk 0:36:35]} 32... f4 {
[%clk 0:08:38]} 33. Bd2 {[%clk 0:36:58]} 33... Rd8 {[%clk 0:09:05]} 34. Bc3 {
[%clk 0:37:17]} 34... Ke7 {[%clk 0:05:47]} 35. Kf3 {[%clk 0:37:42]} 35... Bg7 {
[%clk 0:05:31]} 36. Ke4 {[%clk 0:36:53]} 36... Red6 {[%clk 0:04:52]} 37. Rh1 {
[%clk 0:36:16]} 37... Ke6 {[%clk 0:04:15]} 38. h4 {[%clk 0:36:10]} 38... Rh8 {
[%clk 0:04:27]} 39. h5 1/2-1/2

[Event "DVM U14 2020"]
[Site "Willingen GER"]
[Date "2021.06.26"]
[Round "5"]
[White "Korek, Jakob Alexander"]
[Black "Zobel, Christian"]
[Result "1-0"]
[Termination "normal"]
[Board "1.3"]
[WhiteElo "1663"]
[BlackElo "1587"]
[WhiteClock "00:40:33"]
[BlackClock "00:25:54"]
[WhiteTeam "SV Königsjäger Süd-West e.V."]
[BlackTeam "SC Borussia Lichtenberg"]
[PlyCount "61"]
[WhiteFideId "16240022"]
[BlackFideId "16259068"]
[EventCountry "GER"]
[EventRounds "7"]
[EventType "team-swiss"]
[EventDate "2021.06.23"]

1. d4 {[%clk 1:30:56]} 1... d5 {[%clk 1:30:16]} 2. c4 {[%clk 1:31:16]} 2... c6
{[%clk 1:30:28]} 3. Nf3 {[%clk 1:31:19]} 3... Nf6 {[%clk 1:30:47]} 4. e3 {
[%clk 1:30:58]} 4... Bf5 {[%clk 1:28:39]} 5. Nh4 {[%clk 1:30:47]} 5... Bg6 {
[%clk 1:25:45]} 6. Nxg6 {[%clk 1:30:51]} 6... hxg6 {[%clk 1:26:11]} 7. Nc3 {
[%clk 1:28:53]} 7... e6 {[%clk 1:26:01]} 8. Bd3 {[%clk 1:27:23]} 8... Bd6 {
[%clk 1:23:05]} 9. h3 {[%clk 1:26:50]} 9... Nbd7 {[%clk 1:23:23]} 10. b3 {
[%clk 1:24:25]} 10... O-O {[%clk 1:14:45]} 11. Bb2 {[%clk 1:20:35]} 11... Rc8 {
[%clk 1:07:27]} 12. Qf3 {[%clk 1:18:36]} 12... Re8 {[%clk 1:03:49]} 13. O-O {
[%clk 1:15:12]} 13... Qe7 {[%clk 0:59:52]} 14. Qd1 {[%clk 1:10:09]} 14... Bb8 {
[%clk 0:56:33]} 15. f4 {[%clk 1:08:01]} 15... Nb6 {[%clk 0:52:34]} 16. c5 {
[%clk 1:05:34]} 16... Nbd7 {[%clk 0:51:23]} 17. b4 {[%clk 1:05:14]} 17... b5 {
[%clk 0:48:40]} 18. a4 {[%clk 0:59:27]} 18... a6 {[%clk 0:46:09]} 19. axb5 {
[%clk 0:59:12]} 19... axb5 {[%clk 0:46:31]} 20. Ra6 {[%clk 0:57:39]} 20... Nh7
{[%clk 0:44:41]} 21. Nxb5 {[%clk 0:56:13]} 21... cxb5 {[%clk 0:41:20]} 22. Bxb5
{[%clk 0:56:07]} 22... Bc7 {[%clk 0:40:02]} 23. Qa4 {[%clk 0:55:39]} 23... Red8
{[%clk 0:38:15]} 24. Bxd7 {[%clk 0:55:02]} 24... Rxd7 {[%clk 0:34:11]} 25. b5 {
[%clk 0:54:33]} 25... Rdd8 {[%clk 0:31:08]} 26. b6 {[%clk 0:51:44]} 26... Bb8 {
[%clk 0:30:09]} 27. c6 {[%clk 0:50:58]} 27... Bd6 {[%clk 0:27:47]} 28. Ra7 {
[%clk 0:49:52]} 28... Qe8 {[%clk 0:27:16]} 29. Rc1 {[%clk 0:49:45]} 29... Ra8 {
[%clk 0:26:02]} 30. Qa6 {[%clk 0:41:34]} 30... Rxa7 {[%clk 0:25:54]} 31. bxa7 {
[%clk 0:40:33]} 1-0

[Event "DVM U14 2020"]
[Site "Willingen GER"]
[Date "2021.06.26"]
[Round "5"]
[White "Ruddat, Jarne"]
[Black "Abed, Karim"]
[Result "0-1"]
[Termination "normal"]
[Board "1.4"]
[WhiteElo "1385"]
[BlackElo "1626"]
[WhiteClock "00:53:46"]
[BlackClock "00:42:06"]
[WhiteTeam "SC Borussia Lichtenberg"]
[BlackTeam "SV Königsjäger Süd-West e.V."]
[PlyCount "62"]
[WhiteFideId "16254236"]
[BlackFideId "16242785"]
[EventCountry "GER"]
[EventRounds "7"]
[EventType "team-swiss"]
[EventDate "2021.06.23"]

1. e4 {[%clk 1:30:59]} 1... e6 {[%clk 1:30:07]} 2. d4 {[%clk 1:31:24]} 2... d5
{[%clk 1:30:30]} 3. exd5 {[%clk 1:31:50]} 3... exd5 {[%clk 1:30:56]} 4. Bd3 {
[%clk 1:32:15]} 4... Nc6 {[%clk 1:31:08]} 5. Ne2 {[%clk 1:32:37]} 5... Bg4 {
[%clk 1:28:29]} 6. f3 {[%clk 1:33:00]} 6... Bh5 {[%clk 1:28:23]} 7. O-O { [%clk
1:33:11]} 7... Qf6 {[%clk 1:25:57]} 8. Kh1 {[%clk 1:32:47]} 8... Bd6 { [%clk
1:25:12]} 9. Qe1 {[%clk 1:31:34]} 9... Nge7 {[%clk 1:23:32]} 10. Qf2 { [%clk
1:31:48]} 10... O-O-O {[%clk 1:22:29]} 11. c3 {[%clk 1:31:50]} 11... Bg6 {[%clk
1:20:23]} 12. Bb5 {[%clk 1:29:15]} 12... Bf5 {[%clk 1:10:40]} 13. b4 { [%clk
1:25:46]} 13... Bd7 {[%clk 1:09:41]} 14. a4 {[%clk 1:26:02]} 14... h5 { [%clk
1:09:03]} 15. Nd2 {[%clk 1:25:38]} 15... h4 {[%clk 1:08:13]} 16. Nb3 { [%clk
1:25:31]} 16... Nf5 {[%clk 1:07:39]} 17. h3 {[%clk 1:25:10]} 17... Ng3+ { [%clk
1:07:00]} 18. Kg1 {[%clk 1:22:06]} 18... Nxf1 {[%clk 1:05:41]} 19. Qxf1 { [%clk
1:21:37]} 19... Rde8 {[%clk 1:02:32]} 20. Nc5 {[%clk 1:20:13]} 20... Bxc5
{[%clk 0:58:06]} 21. bxc5 {[%clk 1:20:30]} 21... Na5 {[%clk 0:55:50]} 22. Rb1 {
[%clk 1:00:00]} 22... c6 {[%clk 0:49:21]} 23. Bd3 {[%clk 1:00:07]} 23... g5 {
[%clk 0:48:50]} 24. Qd1 {[%clk 0:59:03]} 24... Bf5 {[%clk 0:46:57]} 25. Bc2 {
[%clk 0:58:06]} 25... Qg6 {[%clk 0:40:55]} 26. Bxf5+ {[%clk 0:57:07]} 26...
Qxf5 {[%clk 0:41:19]} 27. Ba3 {[%clk 0:56:56]} 27... Rxe2 {[%clk 0:41:34]} 28.
Rxb7 {[%clk 0:56:15]} 28... Rxg2+ {[%clk 0:41:44]} 29. Kxg2 {[%clk 0:56:14]}
29... Nxb7 {[%clk 0:42:11]} 30. Qe2 {[%clk 0:53:53]} 30... Qe6 {[%clk 0:41:54]}
31. Qa6 {[%clk 0:53:46]} 31... Re8 {[%clk 0:42:06]} 0-1

[Event "DVM U14 2020"]
[Site "Willingen GER"]
[Date "2021.06.26"]
[Round "5"]
[White "Garner, Isaac"]
[Black "Hänselmann, Hendrik"]
[Result "1-0"]
[Termination "normal"]
[Board "2.1"]
[WhiteElo "2095"]
[BlackElo "1828"]
[WhiteTeam "Hamburger SK von 1830"]
[BlackTeam "Karlsruher SF 1853"]
[PlyCount "60"]
[WhiteFideId "16239261"]
[BlackFideId "16232755"]
[EventCountry "GER"]
[EventRounds "7"]
[EventType "team-swiss"]
[EventDate "2021.06.23"]

1. e4 c5 2. Nf3 e6 3. d4 cxd4 4. Nxd4 Nf6 5. Nc3 Nc6 6. Ndb5 Bc5 7. Nd6+ Ke7 8.
Bf4 e5 9. Nf5+ Kf8 10. Bg5 d6 11. Bc4 h6 12. Bxf6 Qxf6 13. Ne3 Qg5 14. O-O Be6
15. Ncd5 Rc8 16. c3 g6 17. Qe2 Kg7 18. Rad1 f5 19. b4 Bxe3 20. Nxe3 Qe7 21.
Bxe6 Qxe6 22. exf5 gxf5 23. Rxd6 Qf7 24. Qf3 Rcf8 25. Rfd1 f4 26. Rd7 Ne7 27.
Qg4+ Kh7 28. Nd5 Re8 29. Nxe7 Rhg8 30. Nxg8 Rxg8 1-0

[Event "DVM U14 2020"]
[Site "Willingen GER"]
[Date "2021.06.26"]
[Round "5"]
[White "Kort, Felix"]
[Black "Hoffmann, Alexander"]
[Result "1-0"]
[Termination "normal"]
[Board "2.3"]
[WhiteElo "1850"]
[BlackElo "1554"]
[WhiteClock "00:34:27"]
[BlackClock "00:03:49"]
[WhiteTeam "Hamburger SK von 1830"]
[BlackTeam "Karlsruher SF 1853"]
[PlyCount "61"]
[WhiteFideId "16220129"]
[BlackFideId "16240219"]
[EventCountry "GER"]
[EventRounds "7"]
[EventType "team-swiss"]
[EventDate "2021.06.23"]

1. d4 {[%clk 1:30:58]} 1... d5 {[%clk 1:30:59]} 2. c4 {[%clk 1:31:24]} 2... e6
{[%clk 1:31:25]} 3. Nc3 {[%clk 1:31:50]} 3... Nf6 {[%clk 1:31:45]} 4. cxd5 {
[%clk 1:32:16]} 4... exd5 {[%clk 1:32:06]} 5. Bg5 {[%clk 1:32:42]} 5... Be7 {
[%clk 1:31:52]} 6. e3 {[%clk 1:33:04]} 6... O-O {[%clk 1:31:13]} 7. Bd3 { [%clk
1:33:30]} 7... Nbd7 {[%clk 1:30:12]} 8. Nf3 {[%clk 1:32:31]} 8... c6 { [%clk
1:29:45]} 9. O-O {[%clk 1:32:52]} 9... Re8 {[%clk 1:29:14]} 10. Qc2 { [%clk
1:32:18]} 10... h6 {[%clk 1:25:13]} 11. Bf4 {[%clk 1:31:38]} 11... Bb4 { [%clk
1:18:00]} 12. a3 {[%clk 1:30:10]} 12... Bxc3 {[%clk 1:17:39]} 13. bxc3 { [%clk
1:30:32]} 13... Ne4 {[%clk 1:13:45]} 14. c4 {[%clk 1:27:41]} 14... f5 { [%clk
1:08:24]} 15. Ne5 {[%clk 1:26:56]} 15... g5 {[%clk 1:00:07]} 16. Bxe4 { [%clk
1:23:07]} 16... dxe4 {[%clk 0:54:17]} 17. Nxd7 {[%clk 1:21:57]} 17... Qxd7
{[%clk 0:53:55]} 18. Be5 {[%clk 1:21:45]} 18... b6 {[%clk 0:40:48]} 19. Qb3
{[%clk 1:19:35]} 19... Kh7 {[%clk 0:39:50]} 20. a4 {[%clk 1:17:42]} 20... c5
{[%clk 0:36:39]} 21. Rfd1 {[%clk 1:13:09]} 21... Qe6 {[%clk 0:33:48]} 22. a5
{[%clk 1:07:13]} 22... Ba6 {[%clk 0:28:48]} 23. Rac1 {[%clk 1:03:11]} 23... b5
{[%clk 0:24:43]} 24. d5 {[%clk 0:35:50]} 24... Qxe5 {[%clk 0:10:00]} 25. cxb5 {
[%clk 0:36:13]} 25... Rab8 {[%clk 0:06:44]} 26. Rxc5 {[%clk 0:35:57]} 26... Qe7
{[%clk 0:06:42]} 27. d6 {[%clk 0:35:25]} 27... Qe6 {[%clk 0:04:47]} 28. Rc7+ {
[%clk 0:35:49]} 28... Kh8 {[%clk 0:04:18]} 29. Qxe6 {[%clk 0:34:31]} 29... Rxe6
{[%clk 0:04:41]} 30. d7 {[%clk 0:34:17]} 30... Rg6 {[%clk 0:03:49]} 31. d8=Q+ {
[%clk 0:34:27]} 1-0

[Event "DVM U14 2020"]
[Site "Willingen GER"]
[Date "2021.06.26"]
[Round "5"]
[White "Kiefhaber, Julius"]
[Black "Genov, Valentin"]
[Result "0-1"]
[Termination "normal"]
[Board "2.4"]
[BlackTitle "CM"]
[WhiteElo "1465"]
[BlackElo "1826"]
[WhiteClock "00:44:29"]
[BlackClock "00:30:06"]
[WhiteTeam "Karlsruher SF 1853"]
[BlackTeam "Hamburger SK von 1830"]
[PlyCount "83"]
[WhiteFideId "16245121"]
[BlackFideId "2919745"]
[EventCountry "GER"]
[EventRounds "7"]
[EventType "team-swiss"]
[EventDate "2021.06.23"]

1. e4 {[%clk 1:30:59]} 1... c5 {[%clk 1:30:55]} 2. Nf3 {[%clk 1:31:24]} 2... d6
{[%clk 1:31:21]} 3. d4 {[%clk 1:31:47]} 3... cxd4 {[%clk 1:31:47]} 4. Qxd4 {
[%clk 1:32:13]} 4... Nc6 {[%clk 1:31:20]} 5. Qe3 {[%clk 1:32:14]} 5... Nf6 {
[%clk 1:30:18]} 6. Be2 {[%clk 1:31:49]} 6... g6 {[%clk 1:29:39]} 7. O-O { [%clk
1:31:29]} 7... Bg7 {[%clk 1:29:23]} 8. Rd1 {[%clk 1:30:42]} 8... O-O { [%clk
1:20:11]} 9. h3 {[%clk 1:27:32]} 9... Qc7 {[%clk 1:18:21]} 10. Nc3 { [%clk
1:17:22]} 10... a6 {[%clk 1:18:03]} 11. Rb1 {[%clk 1:14:21]} 11... b5 { [%clk
1:13:51]} 12. b3 {[%clk 1:03:52]} 12... Bb7 {[%clk 0:58:53]} 13. Bb2 { [%clk
0:58:33]} 13... Rac8 {[%clk 0:49:58]} 14. a3 {[%clk 0:47:03]} 14... Rfd8 {[%clk
0:44:39]} 15. Nd5 {[%clk 0:43:28]} 15... Nxd5 {[%clk 0:43:25]} 16. exd5 {[%clk
0:42:34]} 16... Ne5 {[%clk 0:31:18]} 17. Nxe5 {[%clk 0:40:01]} 17... dxe5
{[%clk 0:29:49]} 18. c4 {[%clk 0:38:05]} 18... bxc4 {[%clk 0:13:35]} 19. Bxc4
{[%clk 0:36:44]} 19... Qc5 {[%clk 0:12:37]} 20. Rbc1 {[%clk 0:33:22]} 20...
Qxe3 {[%clk 0:11:04]} 21. fxe3 {[%clk 0:33:27]} 21... e4 {[%clk 0:07:51]} 22.
Bxg7 {[%clk 0:30:24]} 22... Kxg7 {[%clk 0:08:20]} 23. Rd4 23... f5 { [%clk
0:06:03]} 24. Rcd1 {[%clk 0:23:23]} 24... Rd6 {[%clk 0:06:17]} 25. Kf2 { [%clk
0:20:02]} 25... Kf6 {[%clk 0:05:54]} 26. g4 {[%clk 0:18:04]} 26... Ke5 { [%clk
0:03:34]} 27. Kg3 {[%clk 0:17:30]} 27... Rf8 {[%clk 0:03:24]} 28. R4d2 { [%clk
0:15:38]} 28... fxg4 {[%clk 0:03:40]} 29. Kxg4 {[%clk 0:15:11]} 29... Bc8+
{[%clk 0:03:52]} 30. Kg5 {[%clk 0:13:22]} 30... Rf5+ {[%clk 0:03:35]} 31. Kh6
{[%clk 0:13:13]} 31... Rh5+ {[%clk 0:04:00]} 32. Kg7 {[%clk 0:13:38]} 32...
Rxh3 {[%clk 0:03:34]} 33. Re1 {[%clk 0:13:33]} 33... g5 {[%clk 0:01:38]} 34.
Rg2 {[%clk 0:13:45]} 34... g4 {[%clk 0:01:54]} 35. Kf7 {[%clk 0:14:01]} 35...
Rf3+ {[%clk 0:01:44]} 36. Kg7 {[%clk 0:13:53]} 36... g3 {[%clk 0:00:56]} 37.
Reg1 {[%clk 0:13:50]} 37... Rg6+ {[%clk 0:00:49]} 38. Kxh7 {[%clk 0:14:13]}
38... Bf5 {[%clk 0:00:44]} 39. Bxa6 {[%clk 0:14:06]} 39... Rxa6+ 40. Kh8 {
[%clk 0:14:24]} 40... Rh6+ {[%clk 0:01:32]} 41. Kg7 {[%clk 0:14:37]} 41... Rg6+
{[%clk 0:30:06]} 42. Kh8 {[%clk 0:44:29]} 0-1

[Event "DVM U14 2020"]
[Site "Willingen GER"]
[Date "2021.06.26"]
[Round "5"]
[White "Kvantaliani, Saba"]
[Black "Reichmann, Felix"]
[Result "0-1"]
[Termination "normal"]
[Board "3.1"]
[WhiteElo "1535"]
[BlackElo "1780"]
[WhiteClock "00:45:22"]
[BlackClock "00:30:29"]
[WhiteTeam "Schachklub Münster 32 e. V."]
[BlackTeam "Schachfreunde Nordost Berlin"]
[PlyCount "86"]
[WhiteFideId "16284364"]
[BlackFideId "16238290"]
[EventCountry "GER"]
[EventRounds "7"]
[EventType "team-swiss"]
[EventDate "2021.06.23"]

1. e4 {[%clk 1:30:54]} 1... c5 {[%clk 1:30:51]} 2. Nf3 {[%clk 1:30:41]} 2... g6
{[%clk 1:30:36]} 3. c3 {[%clk 1:30:04]} 3... Bg7 {[%clk 1:30:56]} 4. d4 { [%clk
1:29:56]} 4... cxd4 {[%clk 1:31:10]} 5. cxd4 {[%clk 1:29:47]} 5... d5 { [%clk
1:31:30]} 6. exd5 {[%clk 1:27:54]} 6... Nf6 {[%clk 1:31:36]} 7. Nc3 { [%clk
1:27:02]} 7... O-O {[%clk 1:31:29]} 8. Bc4 {[%clk 1:25:00]} 8... Nbd7 { [%clk
1:29:07]} 9. O-O {[%clk 1:25:04]} 9... Nb6 {[%clk 1:29:14]} 10. Bb3 { [%clk
1:25:13]} 10... Nbxd5 {[%clk 1:26:44]} 11. Re1 {[%clk 1:21:48]} 11... e6 {[%clk
1:20:52]} 12. Bg5 {[%clk 1:21:09]} 12... Qa5 {[%clk 1:18:12]} 13. Qd2 { [%clk
1:20:10]} 13... Nxc3 {[%clk 1:14:21]} 14. bxc3 {[%clk 1:20:02]} 14... b5 {[%clk
1:11:24]} 15. Ne5 {[%clk 1:15:03]} 15... Qc7 {[%clk 1:02:29]} 16. Rac1 { [%clk
1:12:19]} 16... Bb7 {[%clk 1:01:01]} 17. f3 {[%clk 1:12:31]} 17... Nd5 { [%clk
0:56:33]} 18. Nd3 {[%clk 1:01:24]} 18... Rfc8 {[%clk 0:37:15]} 19. Nc5 { [%clk
0:53:56]} 19... Qb6 {[%clk 0:35:27]} 20. Kh1 {[%clk 0:45:41]} 20... a5 { [%clk
0:22:34]} 21. h4 {[%clk 0:29:46]} 21... a4 {[%clk 0:12:28]} 22. Bxd5 { [%clk
0:29:01]} 22... Bxd5 {[%clk 0:12:24]} 23. h5 {[%clk 0:26:59]} 23... f6 { [%clk
0:08:00]} 24. Bh6 {[%clk 0:23:01]} 24... Qc6 {[%clk 0:07:49]} 25. Bxg7 { [%clk
0:22:22]} 25... Kxg7 {[%clk 0:08:03]} 26. h6+ {[%clk 0:22:48]} 26... Kf7 {[%clk
0:08:04]} 27. Qf4 {[%clk 0:22:52]} 27... g5 {[%clk 0:07:03]} 28. Qg4 { [%clk
0:23:12]} 28... Rg8 {[%clk 0:06:19]} 29. Re2 {[%clk 0:22:27]} 29... Rg6 { [%clk
0:06:18]} 30. Qh5 {[%clk 0:19:01]} 30... Re8 {[%clk 0:06:05]} 31. Kg1 { [%clk
0:17:49]} 31... Qd6 {[%clk 0:05:33]} 32. Kf2 {[%clk 0:17:53]} 32... g4 { [%clk
0:04:59]} 33. Re3 {[%clk 0:13:25]} 33... gxf3 {[%clk 0:03:23]} 34. g4 { [%clk
0:13:53]} 34... Qf4 {[%clk 0:03:37]} 35. Rg1 {[%clk 0:12:24]} 35... Qxh6 {[%clk
0:01:57]} 36. Rh1 {[%clk 0:12:53]} 36... Qxh5 {[%clk 0:01:53]} 37. Rxh5 {[%clk
0:13:21]} 37... Rxg4 {[%clk 0:01:20]} 38. Rh2 {[%clk 0:14:07]} 38... Rg2+
{[%clk 0:01:27]} 39. Rxg2 {[%clk 0:14:35]} 39... fxg2 {[%clk 0:01:50]} 40. Rh3
{[%clk 0:15:06]} 40... Rg8 {[%clk 0:02:20]} 41. Kg1 {[%clk 0:15:33]} 41... Rg4
{[%clk 0:00:43]} 42. Nd3 {[%clk 0:15:14]} 42... Bxa2 {[%clk 0:30:08]} 43. Rf3
{[%clk 0:45:22]} 43... Ke7 {[%clk 0:30:29]} 0-1

[Event "DVM U14 2020"]
[Site "Willingen GER"]
[Date "2021.06.26"]
[Round "5"]
[White "Gutewort, Paul Emil"]
[Black "Bergeret Busse, Julian"]
[Result "1/2-1/2"]
[Termination "normal"]
[Board "3.2"]
[WhiteElo "1689"]
[BlackElo "1466"]
[WhiteClock "00:49:40"]
[BlackClock "01:11:19"]
[WhiteTeam "Schachfreunde Nordost Berlin"]
[BlackTeam "Schachklub Münster 32 e. V."]
[PlyCount "45"]
[WhiteFideId "16204182"]
[BlackFideId "16298446"]
[EventCountry "GER"]
[EventRounds "7"]
[EventType "team-swiss"]
[EventDate "2021.06.23"]

1. c4 {[%clk 1:30:59]} 1... c5 {[%clk 1:30:54]} 2. g3 {[%clk 1:31:24]} 2... g6
{[%clk 1:31:08]} 3. Bg2 {[%clk 1:31:48]} 3... Bg7 {[%clk 1:31:24]} 4. Nc3 {
[%clk 1:31:56]} 4... Nc6 {[%clk 1:31:45]} 5. d3 {[%clk 1:30:35]} 5... d6 {
[%clk 1:30:57]} 6. Rb1 {[%clk 1:26:01]} 6... Bd7 {[%clk 1:30:07]} 7. a3 { [%clk
1:24:16]} 7... a5 {[%clk 1:28:01]} 8. Bd2 {[%clk 1:24:28]} 8... Rb8 { [%clk
1:25:43]} 9. Nf3 {[%clk 1:24:00]} 9... Nf6 {[%clk 1:24:30]} 10. O-O { [%clk
1:24:12]} 10... O-O {[%clk 1:24:55]} 11. Nb5 {[%clk 1:16:48]} 11... Ne8 { [%clk
1:24:23]} 12. b4 {[%clk 1:14:00]} 12... axb4 {[%clk 1:22:14]} 13. axb4 { [%clk
1:14:25]} 13... Nxb4 {[%clk 1:21:01]} 14. Bxb4 {[%clk 1:14:36]} 14... cxb4
{[%clk 1:21:20]} 15. Rxb4 {[%clk 1:14:59]} 15... Nc7 {[%clk 1:21:17]} 16. Nxc7
{[%clk 1:14:07]} 16... Qxc7 {[%clk 1:19:55]} 17. Qb3 {[%clk 1:13:23]} 17... Bc6
{[%clk 1:17:48]} 18. Rb1 {[%clk 1:12:19]} 18... Rfc8 {[%clk 1:12:37]} 19. Nd2
{[%clk 1:03:49]} 19... Bxg2 {[%clk 1:11:59]} 20. Kxg2 {[%clk 0:59:47]} 20...
Qc6+ {[%clk 1:11:45]} 21. Nf3 {[%clk 0:59:28]} 21... Rc7 {[%clk 1:11:02]} 22.
Rb6 {[%clk 0:50:47]} 22... Qd7 {[%clk 1:11:19]} 23. Qb5 {[%clk 0:49:40]}
1/2-1/2